[Event "DEM U10w 2022"]
[Site "Willingen GER"]
[Date "2022.06.06"]
[Round "3"]
[White "Bacakova, Klara"]
[Black "Yang, Sophie"]
[Result "0-1"]
[Termination "normal"]
[Board "2"]
[WhiteElo "1169"]
[BlackElo "1209"]
[WhiteClock "00:08:54"]
[BlackClock "01:01:20"]
[PlyCount "156"]
[WhiteFideId "34605762"]
[BlackFideId "16279174"]
[EventCountry "GER"]
[EventRounds "11"]
[EventType "swiss"]
[EventDate "2022.06.04"]

1. e4 {[%clk 01:15:56]} {[%emt 00:00:02]} e6 {[%clk 01:15:56]} {[%emt
00:00:05]} 2. d4 {[%clk 01:16:10]} {[%emt 00:00:15]} d5 {[%clk 01:16:23]}
{[%emt 00:00:04]} 3. e5 {[%clk 01:16:20]} {[%emt 00:00:20]} c5 {[%clk
01:16:47]} {[%emt 00:00:05]} 4. c3 {[%clk 01:16:27]} {[%emt 00:00:24]} Nc6
{[%clk 01:17:11]} {[%emt 00:00:06]} 5. Nf3 {[%clk 01:16:30]} {[%emt 00:00:27]}
Qb6 {[%clk 01:17:28]} {[%emt 00:00:13]} 6. a3 {[%clk 01:15:21]} {[%emt
00:01:40]} Nge7 {[%clk 01:16:14]} {[%emt 00:01:42]} 7. Bd3 {[%clk 01:15:28]}
{[%emt 00:00:24]} c4 {[%clk 01:15:57]} {[%emt 00:00:47]} 8. Bc2 {[%clk
01:13:51]} {[%emt 00:02:07]} Bd7 {[%clk 01:13:40]} {[%emt 00:02:48]} 9. b4
{[%clk 01:11:22]} {[%emt 00:02:58]} cxb3 {[%clk 01:08:41]} {[%emt 00:02:16]}
10. Bxb3 {[%clk 01:11:29]} {[%emt 00:03:35]} Nf5 {[%clk 01:08:20]} {[%emt
00:00:47]} 11. O-O {[%clk 01:10:19]} {[%emt 00:01:45]} Be7 {[%clk 01:07:39]}
{[%emt 00:01:11]} 12. Be3 {[%clk 01:09:22]} {[%emt 00:01:27]} O-O {[%clk
01:05:26]} {[%emt 00:02:44]} 13. Bc2 {[%clk 01:06:34]} {[%emt 00:03:17]} Na5
{[%clk 01:04:34]} {[%emt 00:01:22]} 14. Nbd2 {[%clk 01:05:47]} {[%emt
00:01:17]} Qb2 {[%clk 01:01:59]} {[%emt 00:03:04]} 15. Bxf5 {[%clk 00:50:32]}
{[%emt 00:15:45]} exf5 {[%emt 00:00:05]} 16. Qc1 {[%emt 00:02:15]} Qb5 {[%clk
00:59:31]} {[%emt 00:00:37]} 17. Rb1 {[%clk 00:46:20]} {[%emt 00:04:45]} Qa4
{[%clk 00:59:24]} {[%emt 00:00:35]} 18. Ra1 {[%clk 00:40:27]} {[%emt 00:06:24]}
Rac8 {[%clk 00:59:26]} {[%emt 00:00:27]} 19. Qb2 {[%clk 00:38:25]} {[%emt
00:02:33]} b6 {[%clk 00:58:53]} {[%emt 00:01:03]} 20. Rfc1 {[%clk 00:35:37]}
{[%emt 00:03:18]} Nb7 {[%clk 00:58:35]} {[%emt 00:00:48]} 21. Qc2 {[%clk
00:34:26]} {[%emt 00:01:41]} Qa6 {[%clk 00:58:03]} {[%emt 00:01:02]} 22. a4
{[%clk 00:33:16]} {[%emt 00:01:41]} Nd8 {[%clk 00:58:11]} {[%emt 00:00:21]} 23.
Bf4 {[%clk 00:31:43]} {[%emt 00:02:03]} Ne6 {[%clk 00:57:25]} {[%emt 00:01:16]}
24. Qxf5 {[%clk 00:29:43]} {[%emt 00:02:29]} Bxa4 {[%clk 00:57:11]} {[%emt
00:00:46]} 25. Be3 {[%clk 00:29:32]} {[%emt 00:00:40]} Qb5 {[%clk 00:56:15]}
{[%emt 00:01:26]} 26. Qg4 {[%clk 00:28:03]} {[%emt 00:01:59]} Kh8 {[%clk
00:55:56]} {[%emt 00:00:48]} 27. Ng5 {[%clk 00:26:59]} {[%emt 00:01:35]} Bxg5
{[%clk 00:55:20]} {[%emt 00:01:05]} 28. Bxg5 {[%clk 00:27:11]} {[%emt
00:00:19]} Nxg5 {[%clk 00:55:21]} {[%emt 00:00:29]} 29. Qxg5 {[%clk 00:27:28]}
{[%emt 00:00:13]} a5 {[%clk 00:55:30]} {[%emt 00:00:21]} 30. Qf5 {[%clk
00:24:12]} {[%emt 00:03:45]} Qb2 {[%clk 00:55:44]} {[%emt 00:00:16]} 31. Nf3
{[%clk 00:23:37]} {[%emt 00:01:07]} Rxc3 {[%clk 00:55:53]} {[%emt 00:00:20]}
32. Qb1 {[%clk 00:23:16]} {[%emt 00:00:50]} Rxc1+ {[%clk 00:55:22]} {[%emt
00:01:01]} 33. Qxc1 {[%clk 00:23:30]} {[%emt 00:00:17]} Qxc1+ {[%emt 00:00:05]}
34. Rxc1 {[%emt 00:00:12]} h6 {[%clk 00:54:54]} {[%emt 00:00:41]} 35. Ra1
{[%clk 00:23:23]} {[%emt 00:00:37]} Rc8 {[%clk 00:55:02]} {[%emt 00:00:22]} 36.
h3 {[%clk 00:23:20]} {[%emt 00:00:32]} b5 {[%clk 00:55:06]} {[%emt 00:00:26]}
37. g4 {[%clk 00:22:17]} {[%emt 00:01:33]} Rc3 {[%clk 00:55:16]} {[%emt
00:00:18]} 38. Kg2 {[%clk 00:22:07]} {[%emt 00:00:42]} Kh7 {[%clk 00:55:07]}
{[%emt 00:00:38]} 39. h4 {[%clk 00:21:15]} {[%emt 00:01:23]} Rd3 {[%clk
00:54:51]} {[%emt 00:00:45]} 40. Re1 {[%clk 00:20:29]} {[%emt 00:01:18]} Rd1
{[%clk 00:54:50]} {[%emt 00:00:30]} 41. Re2 {[%clk 00:18:14]} {[%emt 00:02:46]}
Kg6 {[%clk 00:54:48]} {[%emt 00:00:31]} 42. h5+ {[%clk 00:18:17]} {[%emt
00:00:28]} Kh7 {[%clk 00:54:58]} {[%emt 00:00:19]} 43. g5 {[%clk 00:18:13]}
{[%emt 00:00:35]} hxg5 {[%clk 00:53:52]} {[%emt 00:01:35]} 44. Nxg5+ {[%clk
00:18:31]} {[%emt 00:00:12]} Kg8 {[%clk 00:54:07]} {[%emt 00:00:14]} 45. f4
{[%clk 00:18:18]} {[%emt 00:00:44]} Rxd4 {[%clk 00:54:23]} {[%emt 00:00:15]}
46. f5 {[%clk 00:15:49]} {[%emt 00:03:00]} Rg4+ {[%clk 00:54:41]} {[%emt
00:00:10]} 47. Kf1 {[%clk 00:15:14]} {[%emt 00:01:06]} Rxg5 {[%clk 00:54:50]}
{[%emt 00:00:21]} 48. e6 {[%clk 00:15:09]} {[%emt 00:00:35]} Rxf5+ {[%clk
00:54:52]} {[%emt 00:00:28]} 49. Ke1 {[%clk 00:15:12]} {[%emt 00:00:26]} fxe6
{[%emt 00:00:09]} 50. Rxe6 {[%emt 00:00:23]} Rf6 {[%clk 00:54:29]} {[%emt
00:00:19]} 51. Re8+ {[%clk 00:15:25]} {[%emt 00:00:19]} Rf8 {[%clk 00:54:41]}
{[%emt 00:00:18]} 52. Re6 {[%clk 00:15:21]} {[%emt 00:00:34]} Rf6 {[%clk
00:54:22]} {[%emt 00:00:42]} 53. Re8+ {[%clk 00:15:46]} {[%emt 00:00:13]} Kh7
{[%emt 00:00:05]} 54. Ra8 {[%emt 00:00:32]} Rb6 {[%clk 00:54:03]} {[%emt
00:00:10]} 55. Rxa5 {[%clk 00:15:36]} {[%emt 00:00:42]} Bb3 {[%clk 00:54:10]}
{[%emt 00:00:21]} 56. Kd2 {[%clk 00:13:08]} {[%emt 00:02:59]} Bc4 {[%clk
00:54:25]} {[%emt 00:00:15]} 57. Ra1 {[%clk 00:12:27]} {[%emt 00:01:12]} b4
{[%clk 00:54:48]} {[%emt 00:00:07]} 58. Rb1 {[%clk 00:12:14]} {[%emt 00:00:43]}
b3 {[%clk 00:55:12]} {[%emt 00:00:06]} 59. Kc3 {[%clk 00:11:46]} {[%emt
00:00:58]} Kh6 {[%clk 00:55:30]} {[%emt 00:00:12]} 60. Rb2 {[%clk 00:11:16]}
{[%emt 00:00:59]} Kxh5 {[%clk 00:55:45]} {[%emt 00:00:16]} 61. Rh2+ {[%clk
00:10:15]} {[%emt 00:01:31]} Kg6 {[%clk 00:56:05]} {[%emt 00:00:09]} 62. Rg2+
{[%clk 00:10:25]} {[%emt 00:00:20]} Kf7 {[%clk 00:56:21]} {[%emt 00:00:15]} 63.
Rb2 {[%clk 00:10:34]} {[%emt 00:00:50]} g5 {[%clk 00:57:15]} {[%emt 00:00:06]}
64. Rf2+ {[%clk 00:10:36]} {[%emt 00:00:29]} Kg6 {[%clk 00:57:38]} {[%emt
00:00:06]} 65. Rb2 {[%clk 00:10:20]} {[%emt 00:00:46]} g4 {[%clk 00:58:01]}
{[%emt 00:00:07]} 66. Kd2 {[%clk 00:09:36]} {[%emt 00:01:14]} d4 {[%clk
00:58:16]} {[%emt 00:00:15]} 67. Kc1 {[%clk 00:09:15]} {[%emt 00:00:52]} Kh5
{[%clk 00:58:18]} {[%emt 00:00:27]} 68. Rh2+ {[%clk 00:09:22]} {[%emt
00:00:22]} Kg5 {[%clk 00:58:40]} {[%emt 00:00:09]} 69. Rb2 {[%clk 00:09:44]}
{[%emt 00:00:09]} g3 {[%clk 00:59:02]} {[%emt 00:00:06]} 70. Rg2 {[%clk
00:09:28]} {[%emt 00:00:46]} Kg4 {[%clk 00:59:19]} {[%emt 00:00:14]} 71. Rd2
{[%clk 00:09:19]} {[%emt 00:00:39]} d3 {[%clk 00:59:40]} {[%emt 00:00:09]} 72.
Rb2 {[%clk 00:09:13]} {[%emt 00:00:36]} Kh3 {[%clk 01:00:00]} {[%emt 00:00:10]}
73. Kb1 {[%clk 00:08:19]} {[%emt 00:01:25]} g2 {[%clk 01:00:20]} {[%emt
00:00:08]} 74. Rxg2 {[%clk 00:08:24]} {[%emt 00:00:26]} Kxg2 {[%clk 01:00:43]}
{[%emt 00:00:07]} 75. Kc1 {[%clk 00:08:32]} {[%emt 00:00:22]} b2+ {[%clk
01:01:02]} {[%emt 00:00:12]} 76. Kb1 {[%clk 00:08:54]} {[%emt 00:00:08]} Ba2+
{[%clk 01:01:20]} {[%emt 00:00:12]} 77. Kxa2 {[%emt 00:00:22]} b1=Q+ 78. Ka3
{[%emt 00:00:07]} Ra6# {[%emt 00:00:06]} 0-1

[Event "DEM U10w 2022"]
[Site "Willingen GER"]
[Date "2022.06.06"]
[Round "3"]
[White "Stiehler, Mara"]
[Black "Hladeniuk, Yelyzaveta"]
[Result "1/2-1/2"]
[Termination "normal"]
[Board "3"]
[WhiteElo "1200"]
[BlackElo "1019"]
[WhiteClock "00:50:55"]
[BlackClock "00:54:59"]
[PlyCount "104"]
[WhiteFideId "34621199"]
[BlackFideId "34176128"]
[EventCountry "GER"]
[EventRounds "11"]
[EventType "swiss"]
[EventDate "2022.06.04"]

1. e4 {[%clk 01:15:57]} {[%emt 00:00:02]} c6 {[%clk 01:15:48]} {[%emt
00:00:13]} 2. d4 {[%clk 01:16:19]} {[%emt 00:00:09]} d5 {[%clk 01:16:13]}
{[%emt 00:00:04]} 3. Nc3 {[%clk 01:16:15]} {[%emt 00:00:33]} dxe4 {[%clk
01:16:27]} {[%emt 00:00:17]} 4. Nxe4 {[%clk 01:16:36]} {[%emt 00:00:09]} Bf5
{[%clk 01:16:53]} {[%emt 00:00:04]} 5. Ng3 {[%clk 01:16:53]} {[%emt 00:00:13]}
Bg6 {[%clk 01:17:06]} {[%emt 00:00:17]} 6. Nf3 {[%clk 01:17:00]} {[%emt
00:00:23]} Nf6 {[%clk 01:17:29]} {[%emt 00:00:07]} 7. h4 {[%clk 01:17:09]}
{[%emt 00:00:21]} h6 {[%clk 01:17:33]} {[%emt 00:00:26]} 8. Bc4 {[%clk
01:16:07]} {[%emt 00:01:32]} e6 {[%clk 01:17:53]} {[%emt 00:00:10]} 9. O-O
{[%clk 01:14:32]} {[%emt 00:02:04]} Be7 {[%clk 01:14:45]} {[%emt 00:03:39]} 10.
Ne5 {[%clk 01:14:12]} {[%emt 00:00:49]} Bh7 {[%clk 01:14:46]} {[%emt 00:00:30]}
11. c3 {[%clk 01:13:15]} {[%emt 00:01:27]} O-O {[%clk 01:15:01]} {[%emt
00:00:15]} 12. Bd3 {[%clk 01:13:28]} {[%emt 00:00:16]} Nfd7 {[%clk 01:14:55]}
{[%emt 00:00:38]} 13. h5 {[%clk 01:11:51]} {[%emt 00:02:05]} Nxe5 {[%clk
01:15:08]} {[%emt 00:00:18]} 14. Bxh7+ {[%clk 01:11:43]} {[%emt 00:00:38]} Kxh7
{[%clk 01:15:21]} {[%emt 00:00:17]} 15. dxe5 {[%clk 01:11:51]} {[%emt
00:00:23]} Qd5 {[%clk 01:15:08]} {[%emt 00:00:42]} 16. Qxd5 {[%clk 01:11:36]}
{[%emt 00:00:45]} exd5 {[%clk 01:14:41]} {[%emt 00:00:57]} 17. Nf5 {[%clk
01:10:41]} {[%emt 00:01:26]} Bc5 {[%clk 01:14:27]} {[%emt 00:00:42]} 18. b4
{[%clk 01:10:38]} {[%emt 00:00:35]} Bb6 {[%clk 01:14:45]} {[%emt 00:00:09]} 19.
Nd6 {[%clk 01:10:33]} {[%emt 00:00:36]} Bc7 {[%clk 01:14:35]} {[%emt 00:00:41]}
20. Re1 {[%clk 01:09:11]} {[%emt 00:01:51]} Bxd6 {[%clk 01:14:12]} {[%emt
00:00:54]} 21. exd6 {[%clk 01:09:21]} {[%emt 00:00:20]} Nd7 {[%clk 01:11:38]}
{[%emt 00:03:04]} 22. Re7 {[%clk 01:08:45]} {[%emt 00:01:06]} Rad8 {[%clk
01:11:37]} {[%emt 00:00:32]} 23. Be3 {[%clk 01:08:15]} {[%emt 00:00:59]} a6
{[%clk 01:11:32]} {[%emt 00:00:34]} 24. Rc1 {[%clk 01:06:05]} {[%emt 00:02:41]}
b5 {[%clk 01:11:33]} {[%emt 00:00:30]} 25. f3 {[%clk 01:02:27]} {[%emt
00:04:06]} Nf6 {[%clk 01:08:43]} {[%emt 00:03:21]} 26. Ra7 {[%clk 01:02:13]}
{[%emt 00:00:45]} Ra8 {[%clk 01:07:51]} {[%emt 00:01:21]} 27. Rxa8 {[%clk
01:02:28]} {[%emt 00:00:15]} Rxa8 {[%clk 01:08:15]} {[%emt 00:00:07]} 28. g4
{[%clk 01:02:46]} {[%emt 00:00:10]} g5 {[%clk 01:07:25]} {[%emt 00:01:21]} 29.
a4 {[%clk 00:57:00]} {[%emt 00:06:17]} Rd8 {[%clk 01:07:06]} {[%emt 00:00:49]}
30. axb5 {[%clk 00:56:18]} {[%emt 00:01:11]} axb5 {[%clk 01:07:29]} {[%emt
00:00:07]} 31. Bc5 {[%clk 00:56:18]} {[%emt 00:00:30]} Ne8 {[%clk 01:06:31]}
{[%emt 00:01:29]} 32. Ra1 {[%clk 00:56:25]} {[%emt 00:00:22]} Nxd6 {[%clk
01:06:18]} {[%emt 00:00:43]} 33. Ra6 {[%clk 00:56:27]} {[%emt 00:00:28]} Nc8
{[%clk 01:04:09]} {[%emt 00:02:39]} 34. Rxc6 {[%clk 00:56:11]} {[%emt
00:00:46]} Re8 {[%clk 01:01:43]} {[%emt 00:02:56]} 35. Rc7 {[%clk 00:55:26]}
{[%emt 00:01:15]} Kg8 {[%clk 01:01:31]} {[%emt 00:00:42]} 36. Rd7 {[%clk
00:55:02]} {[%emt 00:00:53]} Re1+ {[%clk 00:57:29]} {[%emt 00:04:33]} 37. Kf2
{[%clk 00:55:13]} {[%emt 00:00:18]} Re8 {[%clk 00:57:52]} {[%emt 00:00:07]} 38.
Rxd5 {[%clk 00:55:22]} {[%emt 00:00:21]} Ne7 {[%clk 00:56:49]} {[%emt
00:01:34]} 39. Re5 {[%clk 00:55:36]} {[%emt 00:00:15]} Kf8 {[%clk 00:56:41]}
{[%emt 00:00:39]} 40. Ke3 {[%clk 00:55:23]} {[%emt 00:00:41]} f6 {[%clk
00:56:39]} {[%emt 00:00:33]} 41. Re4 {[%clk 00:55:12]} {[%emt 00:00:41]} Kf7
{[%clk 00:56:51]} {[%emt 00:00:19]} 42. Bd6 {[%clk 00:55:04]} {[%emt 00:00:37]}
Nd5+ {[%clk 00:56:55]} {[%emt 00:00:28]} 43. Kd4 {[%clk 00:54:14]} {[%emt
00:01:19]} Rxe4+ {[%clk 00:57:12]} {[%emt 00:00:13]} 44. fxe4 {[%clk 00:54:21]}
{[%emt 00:00:22]} Ke6 {[%clk 00:57:25]} {[%emt 00:00:19]} 45. Bf8 {[%clk
00:54:11]} {[%emt 00:00:38]} Nc7 {[%clk 00:56:40]} {[%emt 00:01:16]} 46. c4
{[%clk 00:53:25]} {[%emt 00:01:16]} Kd7 {[%clk 00:56:24]} {[%emt 00:00:47]} 47.
cxb5 {[%clk 00:53:08]} {[%emt 00:00:46]} Ne6+ {[%clk 00:56:37]} {[%emt
00:00:18]} 48. Kd5 {[%clk 00:52:39]} {[%emt 00:00:58]} Nxf8 {[%clk 00:56:50]}
{[%emt 00:00:17]} 49. e5 {[%clk 00:52:26]} {[%emt 00:00:42]} fxe5 {[%clk
00:55:12]} {[%emt 00:02:08]} 50. Kxe5 {[%clk 00:52:32]} {[%emt 00:00:24]} Ke7
{[%clk 00:55:23]} {[%emt 00:00:19]} 51. Kd5 {[%clk 00:52:09]} {[%emt 00:00:53]}
Kd7 {[%clk 00:54:49]} {[%emt 00:01:05]} 52. Ke5 {[%clk 00:50:55]} {[%emt
00:01:43]} Ke7 {[%clk 00:54:59]} {[%emt 00:00:20]} 1/2-1/2

[Event "DEM U10w 2022"]
[Site "Willingen GER"]
[Date "2022.06.06"]
[Round "3"]
[White "Tu, Audrey"]
[Black "Ramakrishnan, Veda"]
[Result "0-1"]
[Termination "normal"]
[Board "4"]
[WhiteElo "1108"]
[BlackElo "1191"]
[WhiteClock "00:08:18"]
[BlackClock "00:49:19"]
[PlyCount "116"]
[WhiteFideId "34628568"]
[BlackFideId "16269519"]
[EventCountry "GER"]
[EventRounds "11"]
[EventType "swiss"]
[EventDate "2022.06.04"]

1. e4 {[%clk 01:15:58]} d5 {[%clk 01:15:54]} {[%emt 00:00:07]} 2. exd5 {[%clk
01:16:14]} {[%emt 00:00:14]} Qxd5 {[%clk 01:16:15]} {[%emt 00:00:09]} 3. Nc3
{[%clk 01:16:23]} {[%emt 00:00:21]} Qd8 {[%clk 01:16:39]} {[%emt 00:00:06]} 4.
d4 {[%clk 01:15:18]} {[%emt 00:01:35]} Nf6 {[%clk 01:16:12]} {[%emt 00:00:57]}
5. Nf3 {[%clk 01:14:15]} {[%emt 00:01:34]} Bg4 {[%clk 01:16:05]} {[%emt
00:00:36]} 6. Be3 {[%clk 01:13:51]} {[%emt 00:00:54]} e6 {[%clk 01:15:58]}
{[%emt 00:00:37]} 7. a3 {[%clk 01:10:04]} {[%emt 00:04:18]} Nbd7 {[%clk
01:16:00]} {[%emt 00:00:27]} 8. Bd3 {[%clk 01:07:55]} {[%emt 00:02:40]} c6
{[%clk 01:15:56]} {[%emt 00:00:33]} 9. h3 {[%clk 01:04:24]} {[%emt 00:04:00]}
Bxf3 {[%clk 01:15:18]} {[%emt 00:01:08]} 10. Qxf3 {[%clk 01:04:22]} {[%emt
00:00:32]} Nb6 {[%clk 01:14:46]} {[%emt 00:01:02]} 11. Ne4 {[%clk 00:55:45]}
{[%emt 00:09:08]} Be7 {[%clk 01:14:12]} {[%emt 00:01:04]} 12. Qg3 {[%clk
00:46:31]} {[%emt 00:09:45]} Nxe4 {[%clk 01:06:30]} {[%emt 00:08:11]} 13. Bxe4
{[%clk 00:41:33]} {[%emt 00:05:28]} Bf6 {[%clk 01:04:37]} {[%emt 00:02:23]} 14.
c3 {[%clk 00:40:16]} {[%emt 00:01:47]} Nd5 {[%clk 01:00:28]} {[%emt 00:04:39]}
15. c4 {[%clk 00:36:18]} {[%emt 00:04:29]} Nxe3 {[%clk 01:00:36]} {[%emt
00:00:21]} 16. Qxe3 {[%clk 00:33:33]} {[%emt 00:03:14]} Qxd4 {[%clk 01:00:34]}
{[%emt 00:00:33]} 17. Qxd4 {[%clk 00:33:15]} {[%emt 00:00:48]} Bxd4 {[%clk
01:00:53]} {[%emt 00:00:11]} 18. Rb1 {[%clk 00:31:36]} {[%emt 00:02:09]} O-O-O
{[%clk 01:00:41]} {[%emt 00:00:43]} 19. b4 {[%clk 00:29:57]} {[%emt 00:02:09]}
Bc3+ {[%clk 00:58:59]} {[%emt 00:02:12]} 20. Kf1 {[%clk 00:28:51]} {[%emt
00:01:35]} Rd4 {[%clk 00:58:12]} {[%emt 00:01:15]} 21. f3 {[%clk 00:24:41]}
{[%emt 00:04:41]} Rhd8 {[%clk 00:54:45]} {[%emt 00:03:57]} 22. Bxh7 {[%clk
00:21:48]} {[%emt 00:03:23]} g6 {[%clk 00:53:16]} {[%emt 00:02:00]} 23. c5
{[%clk 00:19:06]} {[%emt 00:03:12]} Rh4 {[%clk 00:52:09]} {[%emt 00:01:33]} 24.
Bxg6 {[%clk 00:18:54]} {[%emt 00:00:45]} fxg6 {[%clk 00:52:31]} {[%emt
00:00:09]} 25. g3 {[%clk 00:17:44]} {[%emt 00:01:40]} Rhd4 {[%clk 00:52:35]}
{[%emt 00:00:26]} 26. g4 {[%clk 00:17:06]} {[%emt 00:01:08]} Rd1+ {[%clk
00:51:45]} {[%emt 00:01:13]} 27. Kg2 {[%clk 00:16:51]} {[%emt 00:00:52]} Rxh1
{[%clk 00:51:35]} {[%emt 00:00:40]} 28. Kxh1 {[%clk 00:15:44]} {[%emt
00:01:36]} Rd3 {[%clk 00:50:23]} {[%emt 00:01:43]} 29. Kg2 {[%clk 00:14:58]}
{[%emt 00:01:17]} Rd2+ {[%clk 00:49:37]} {[%emt 00:01:15]} 30. Kg3 {[%clk
00:14:21]} {[%emt 00:01:06]} g5 {[%clk 00:48:00]} {[%emt 00:02:04]} 31. Re1
{[%clk 00:13:17]} {[%emt 00:01:38]} Rg2+ {[%clk 00:47:19]} {[%emt 00:01:10]}
32. Kxg2 {[%clk 00:13:34]} {[%emt 00:00:14]} Bxe1 {[%clk 00:47:44]} {[%emt
00:00:05]} 33. Kf1 {[%clk 00:12:49]} {[%emt 00:01:14]} Bg3 {[%clk 00:47:45]}
{[%emt 00:00:25]} 34. Kg2 {[%clk 00:12:54]} {[%emt 00:00:30]} Bf4 {[%clk
00:47:53]} {[%emt 00:00:09]} 35. Kf2 {[%clk 00:11:26]} {[%emt 00:02:11]} Kc7
{[%clk 00:48:08]} {[%emt 00:00:15]} 36. Ke2 {[%clk 00:11:35]} {[%emt 00:00:21]}
b6 {[%clk 00:48:21]} {[%emt 00:00:17]} 37. a4 {[%clk 00:10:30]} {[%emt
00:01:35]} a5 {[%clk 00:47:27]} {[%emt 00:01:24]} 38. Kd3 {[%clk 00:08:28]}
{[%emt 00:02:32]} axb4 {[%clk 00:46:33]} {[%emt 00:01:24]} 39. cxb6+ {[%clk
00:08:10]} {[%emt 00:00:48]} Kxb6 {[%clk 00:46:44]} {[%emt 00:00:19]} 40. Kc4
{[%clk 00:07:52]} {[%emt 00:00:48]} Ka5 {[%clk 00:46:05]} {[%emt 00:01:09]} 41.
Kb3 {[%clk 00:07:28]} {[%emt 00:00:55]} c5 {[%clk 00:46:17]} {[%emt 00:00:17]}
42. Kc4 {[%clk 00:07:32]} {[%emt 00:00:26]} Kxa4 {[%clk 00:46:33]} {[%emt
00:00:14]} 43. Kd3 {[%clk 00:06:20]} {[%emt 00:01:42]} Ka3 {[%clk 00:46:50]}
{[%emt 00:00:13]} 44. Kc2 {[%clk 00:06:34]} {[%emt 00:00:16]} Ka2 {[%clk
00:47:11]} {[%emt 00:00:09]} 45. Kd3 {[%clk 00:06:09]} {[%emt 00:00:54]} b3
{[%clk 00:47:20]} {[%emt 00:00:22]} 46. Kc4 {[%clk 00:06:22]} {[%emt 00:00:17]}
b2 {[%clk 00:47:43]} {[%emt 00:00:07]} 47. Kxc5 {[%clk 00:06:38]} {[%emt
00:00:15]} b1=Q {[%clk 00:48:06]} {[%emt 00:00:06]} 48. Kd4 {[%clk 00:06:46]}
{[%emt 00:00:22]} Qb3 {[%clk 00:47:56]} {[%emt 00:00:38]} 49. Kc5 {[%clk
00:06:28]} {[%emt 00:00:50]} Qd3 {[%clk 00:47:42]} {[%emt 00:00:42]} 50. Kb4
{[%clk 00:06:29]} {[%emt 00:00:29]} Qc2 {[%clk 00:48:00]} {[%emt 00:00:12]} 51.
Kb5 {[%clk 00:06:42]} {[%emt 00:00:19]} Qc3 {[%clk 00:48:01]} {[%emt 00:00:27]}
52. Kb6 {[%clk 00:06:45]} {[%emt 00:00:30]} Qc4 {[%clk 00:48:01]} {[%emt
00:00:27]} 53. Ka5 {[%clk 00:07:10]} {[%emt 00:00:07]} Qb3 {[%clk 00:48:19]}
{[%emt 00:00:10]} 54. Ka6 {[%emt 00:00:21]} Kb2 {[%clk 00:48:17]} {[%emt
00:00:25]} 55. Ka5 {[%clk 00:07:30]} {[%emt 00:00:28]} Kc3 {[%clk 00:48:39]}
{[%emt 00:00:07]} 56. Ka6 {[%clk 00:07:53]} {[%emt 00:00:08]} Kc4 {[%clk
00:48:57]} {[%emt 00:00:09]} 57. Ka7 {[%clk 00:08:07]} {[%emt 00:00:19]} Kc5
{[%clk 00:49:19]} {[%emt 00:00:07]} 58. Ka8 {[%clk 00:08:18]} {[%emt 00:00:20]}
Qb8# {[%emt 00:01:28]} 0-1